Technique of coreelation in basic education / (Record no. 11265)
[ view plain ]
| 000 -LEADER | |
|---|---|
| fixed length control field | 00363cam a2200133ua 4500 |
| 041 ## - LANGUAGE CODE | |
| Language code of text/sound track or separate title | eng |
| 082 ## - DEWEY DECIMAL CLASSIFICATION NUMBER | |
| Classification number | 370.11 |
| Item number | SOL/TE |
| 100 ## - MAIN ENTRY--AUTHOR NAME | |
| Personal name | Solanki, A.B . |
| 245 ## - TITLE STATEMENT | |
| Title | Technique of coreelation in basic education / |
| 260 ## - PUBLICATION, DISTRIBUTION, ETC. (IMPRINT) | |
| Place of publication | Ahmadabad : |
| Name of publisher | Navajivan publishing house , |
| Year of publication | 1958. |
| 300 ## - PHYSICAL DESCRIPTION | |
| Number of Pages | ; . |
No items available.
